000 00537nam a2200193 a 4500
001 1773825106826
003 YourLibrary
005 20260318144534.0
008 260318s2007##################000#0#eng##
020 _a9781847200839
082 0 4 _a330.01
_bHOD
100 1 _aHodgson, Geoffrey Martin,
_eauthor.
245 1 0 _aThe Evolution of Economic Institutions :
260 _bEdward Elgar Publishing,
_c2007.
300 _a324 pages
650 0 _aBusiness & Economics.
942 _cENGLISH
040 _aYourLibrary
_beng
_cYourLibrary
999 _c617812
_d617812